100 Best Cities to Live in Ohio - Statistics

General Stats
  • This quiz has been taken 13 times
  • The average score is 20 of 100
Answer Stats
Hint Answer % Correct
78 Avon
70%
81 Mentor
60%
18 Avon Lake
50%
95 Delaware
50%
23 Dublin
50%
87 North Olmsted
50%
46 Strongsville
50%
2 Upper Arlington
50%
31 Gahanna
40%
32 Hilliard
40%
60 Kettering
40%
17 Mason
40%
12 New Albany
40%
30 Sylvania
40%
39 Twinsburg
40%
37 University Heights
40%
24 Westerville
40%
20 Westlake
40%
27 Beavercreek
30%
11 Hudson
30%
92 Huron
30%
61 Independence
30%
55 Loveland
30%
74 Maumee
30%
67 Medina
30%
28 North Canton
30%
66 North Royalton
30%
10 Perrysburg
30%
4 Powell
30%
22 Shaker Heights
30%
42 Solon
30%
99 Troy
30%
13 Worthington
30%
49 Ada
20%
57 Beachwood
20%
72 Berea
20%
21 Blue Ash
20%
38 Brecksville
20%
44 Brunswick
20%
26 Fairlawn
20%
9 Grandview Heights
20%
51 Groveport
20%
84 Lebanon
20%
1 Madeira
20%
6 Montgomery
20%
90 New Philadelphia
20%
58 North Ridgeville
20%
36 Oakwood
20%
93 Parma Heights
20%
48 Pickerington
20%
8 Rocky River
20%
64 Stow
20%
71 Wickliffe
20%
82 Willoughby
20%
62 Amherst
10%
50 Aurora
10%
16 Bellbrook
10%
7 Bexley
10%
29 Broadview Heights
10%
85 Canal Winchester
10%
33 Centerville
10%
88 Clayton
10%
59 Fairview Park
10%
14 Granville
10%
15 Highland Heights
10%
83 Hubbard
10%
43 Kirtland
10%
35 Lyndhurst
10%
94 Macedonia
10%
79 Marysville
10%
97 Mayfield Heights
10%
80 Mentor-on-the-Lake
10%
68 Monroe
10%
77 Munroe Falls
10%
70 New Franklin
10%
40 Olmsted Falls
10%
5 Pepper Pike
10%
47 Reminderville
10%
56 Seven Hills
10%
86 Sheffield Lake
10%
19 Springboro
10%
69 St. Marys
10%
73 Tallmadge
10%
76 Wadsworth
10%
52 Waterville
10%
41 Willowick
10%
3 Wyoming
10%
53 Canfield
0%
89 Carlisle
0%
65 Celina
0%
54 Columbiana
0%
63 Cortland
0%
25 Deer Park
0%
91 Grafton
0%
34 Harrison
0%
75 Louisville
0%
100 Pataskala
0%
45 St. Clairsville
0%
98 Toronto
0%
96 Vandalia
0%
No matching quizzes found
Score Distribution
Percent of People with Each Score
Percentile by Number Answered
Your Score History
You have not taken this quiz